000 01044nam a22003137a 4500
003 CHAP
005 20220817042413.0
008 971013s1992 r 00010 d
010 _a43615
011 _a44587
035 _a48725
040 _cCHAP
082 _a630.215
_bS68
100 0 0 _aSoule, Judith D.
_9108946
245 _aFarming in nature's image ; an ecological approach to agriculture
260 _aCovelo, Calif. :
_bIsland Press,
_c1992
300 _a286 p.
590 _aBATCH-UPD
_b10
_c20130110
_lUCH01
_h1007
590 _aBATCH-UPD
_b10
_c20130410
_lUCH01
_h0617
590 _aBATCH-UPD
_b10
_c20130913
_lUCH01
_h2218
590 _aCONVERSION
_b10
_c20130109
_lUCH01
_h1324
650 1 4 _aAgricultura sustentable.
650 1 4 _aEcología agrícola.
_935165
700 0 _aPiper, Jon K.
_988488
901 _aBK
942 _cLIBRO
949 _a630.215 S68
_bBC
_cLIBRO
_d33724000010211
_eLIBRO
_gI.175639
_h89244
_i48725
_si
_t103.00
949 _a630.215 S68
_bBC
_cLIBRO
_d33724000956298
_eLIBRO
_fc.2
_gI.c/e
_h105884
_i48725
_sb
_t$389.99
999 _c43615
_d43615